Culture Générale - Série 2639 - Statistiques

Statistiques générales
  • Ce quiz a été pris 89 fois
  • Le résultat moyen est 4 sur 10
Statistiques - réponses
Question Réponse % Correct
Quel animal se nourrissant de feuilles d'eucalyptus est appelé aussi Paresseux australien ? koala
86%
Dans le film de Elia Kazan de 1951 avec Vivien Leigh (voir photo) et Marlo Brando, comment s'appelle le tramway dans le titre du film ? Désir
77%
Film de science-fiction, muet, allemand réalisé par Fritz Lang, sorti en 1927. Des ouvriers travaillent dans les souterrains d'une fabuleuse cité de l'an 2026. Ils assurent le bonheur des nantis qui vivent dans les jardins suspendus de la ville. Un androïde mène les ouvriers vers la révolte. Metropolis
40%
Comment appelle-t-on un alliage de cuivre et de zinc ? laiton
33%
Quel imitateur et humoriste acteur et scénariste français, est né le 29 décembre 1967 à Bourg-en-Bresse ? prénom et nom Laurent Gerra
33%
Sous quel nom connait-on mieux le rappeur chanteur franco-comorien Saïd M'Roumbaba ? Soprano
33%
Dans quel département français se trouve la commune d'Etel ? Morbihan
29%
Quel rôle de brigand a interprété Jean-Paul Belmondo dans le film du même nom de Philippe de Broca en 1962 ? Cartouche
25%
Quel était le prénom de l'épouse russe de Pablo Picasso ? Olga
11%
(Travail du cuir) (Désuet) Métier et commerce des peaux principalement d'ovins et de caprins à l'exclusion des grosses peaux de bovins .Une voie (quai) située dans le 1er arrondissement de Paris porte le nom de ce métier. mégisserie
10%
Aucun quiz correspondant
Distribution des résultats
% des personnes avec chaque résultat
Percentile par nombre de réponses
Votre historique - résultats
Vous n’avez pas pris ce quiz